00242nam a2200073Ia 4500082001500000245009000015100002200105008004100127 a322.7 TURN 0aThe credit crunch : housing bubbles, globalisation and the worldwide economic crisis  a TURNER, Graham 210825s9999 xx 000 0 und d